Statistics for Alliteration by Letter - W

Click here to take the quiz!

General Stats

  • This quiz has been taken 33,948 times
    (18,842 since last reset)
  • The average score is 15 of 20

Answer Stats

ClueAnswer% Correct
The WW in WWIIWorld War
99%
Eccentric chocolate factory ownerWilly Wonka
92%
What WWW stands forWorld Wide Web
91%
Timekeeping device worn
on one's arm
Wrist Watch
86%
What Moby Dick wasWhite Whale
84%
The lawless American frontierWild West
83%
Shaggy-looking tree that "cries"Weeping Willow
79%
Riesling or pinot grigio, e.g.White Wine
79%
Oz villain who meltedWicked Witch
of the West
77%
Heroine with a lasso of truthWonder Woman
76%
U.S. President during WWIWoodrow Wilson
76%
The part of the White House
where the President works
West Wing
74%
"Sleigh bells ring, are
you listening?"
Winter
Wonderland
66%
Directional breeze also
known as a zephyr
West Wind
65%
Movie about Wayne and GarthWayne's World
64%
Scotsman portrayed by
Mel Gibson in "Braveheart"
William Wallace
62%
Domelike dwelling of
Native Americans
Wig Wam
52%
Animated bird with an
annoying laugh
Woody
Woodpecker
52%
"Leaves of Grass" poetWalt Whitman
49%
Billy Idol songWhite Wedding
48%

Score Distribution

Percentile by Number Answered

Percent of People with Each Score

Your Score History

You have not taken this quiz since the last reset